[Event "Detroit (RVO/5)"]
[Site "?"]
[Date "1990.??.??"]
[Round "?"]
[White "Schmucker, V."]
[Black "McCarter, Robert"]
[Result "1/2-1/2"]
[WhiteElo "1810"]
[BlackElo "1725"]
[PlyCount "98"]
[EventDate "1990.??.??"]

1. e4 c5 2. Nf3 Nc6 3. d4 cxd4 4. Nxd4 e5 5. Nb5 a6 6. Nd6+ Bxd6 7. Qxd6 Qf6 8.
Qd1 Qg6 9. Nc3 Nge7 10. Be3 Nb4 11. a3 Nbc6 12. Qd2 O-O 13. O-O-O Rd8 14. Qd6
b5 15. Bb6 Re8 16. Qxg6 Nxg6 17. Be2 Rb8 18. Bc5 Nf4 19. Bg4 Ne6 20. Bxe6 dxe6
21. Rd6 Bb7 22. Rhd1 Red8 23. Rd7 Nd4 24. Rc7 Rdc8 25. Rxc8+ Rxc8 26. Bxd4 exd4
27. Rxd4 f5 28. f3 fxe4 29. Nxe4 Bd5 30. Nc3 Bc4 31. g3 a5 32. f4 b4 33. axb4
axb4 34. Ne4 Bb3 35. c3 bxc3 36. bxc3 Bd5 37. Kc2 Ra8 38. h4 Ra2+ 39. Kd3 Rg2
40. c4 Bxe4+ 41. Kxe4 Rxg3 42. c5 Rc3 43. Rd8+ Kf7 44. Rc8 Ke7 45. Rc7+ Kd8 46.
Rxg7 Rxc5 47. Rxh7 Ke8 48. h5 Kf8 49. h6 Rh5 1/2-1/2

[Event "Detroit (RVO/1)"]
[Site "?"]
[Date "1990.??.??"]
[Round "?"]
[White "Schmucker, V."]
[Black "Burnham, Kim"]
[Result "1-0"]
[WhiteElo "1810"]
[BlackElo "1605"]
[PlyCount "55"]
[EventDate "1990.??.??"]

1. e4 e6 2. d4 d5 3. Nc3 Bb4 4. e5 c5 5. a3 Bxc3+ 6. bxc3 Ne7 7. Nf3 Nbc6 8.
Be2 c4 9. O-O Bd7 10. a4 O-O 11. Ba3 Re8 12. Qd2 Na5 13. Bb4 Nec6 14. Bd6 a6
15. Qf4 Rf8 16. Bxf8 Qxf8 17. Rfb1 Rb8 18. h3 Ne7 19. Nh2 Ng6 20. Qg3 Nc6 21.
Bh5 Nce7 22. Bxg6 fxg6 23. Qf3 b5 24. axb5 axb5 25. Qxf8+ Kxf8 26. Ra7 Be8 27.
Rba1 Nc6 28. Ra8 1-0

[Event "Detroit (RVO/3)"]
[Site "?"]
[Date "1990.??.??"]
[Round "?"]
[White "Sawmiller, Tim"]
[Black "Slattery, R."]
[Result "1-0"]
[WhiteElo "1605"]
[BlackElo "1605"]
[PlyCount "65"]
[EventDate "1990.??.??"]

1. d4 f5 2. Nf3 Nc6 3. e3 Nf6 4. c3 e6 5. Bd3 Be7 6. O-O O-O 7. Nbd2 d6 8. e4
fxe4 9. Nxe4 Nxe4 10. Bxe4 d5 11. Bd3 Bd6 12. Qc2 e5 13. Ng5 exd4 14. Bxh7+ Kh8
15. Bg6 Ne7 16. Bf7 g6 17. Bxg6 Rg8 18. Nf7+ Kg7 19. Nxd8 Nxg6 20. cxd4 Rxd8
21. Bg5 Rh8 22. g3 Bh3 23. Rfe1 Rh5 24. f4 b6 25. Re3 c5 26. Rae1 Bg4 27. Re8
Rxe8 28. Rxe8 cxd4 29. Rd8 Bc5 30. Qd3 Be2 31. Rd7+ Kg8 32. Qxg6+ Kh8 33. Qg7#
1-0

[Event "Detroit (MOR/3/22)"]
[Site "?"]
[Date "1990.??.??"]
[Round "?"]
[White "Sawmiller, Tim"]
[Black "Rostrom, Richard"]
[Result "0-1"]
[WhiteElo "1605"]
[BlackElo "1760"]
[PlyCount "66"]
[EventDate "1990.??.??"]

{3/(22)} 1. d4 Nf6 2. Nf3 g6 3. e3 Bg7 4. Bd3 O-O 5. O-O d6 6. Nbd2 Nbd7 7. c3
c5 8. Re1 b6 9. a3 Bb7 10. b4 Qc7 11. Bb2 e5 12. e4 d5 13. dxc5 bxc5 14. exd5
Nxd5 15. Qc2 Rfe8 16. Rac1 Rac8 17. c4 Nf4 18. Be4 Ne6 19. Bxb7 Qxb7 20. Nxe5
Nxe5 21. Bxe5 Bxe5 22. Rxe5 Nd4 23. Rxe8+ Rxe8 24. Qb2 Ne2+ 25. Kf1 Nxc1 26.
Qxc1 cxb4 27. axb4 Qxb4 28. c5 Qb5+ 29. Kg1 Qe2 30. g3 Rd8 31. Nf1 Rd1 32. Qxd1
Qxd1 33. c6 Qc1 0-1

[Event "Detroit (RVO/4)"]
[Site "?"]
[Date "1990.??.??"]
[Round "?"]
[White "Sawmiller, Tim"]
[Black "Jointer, William"]
[Result "0-1"]
[WhiteElo "1605"]
[BlackElo "1750"]
[PlyCount "82"]
[EventDate "1990.??.??"]

1. d4 Nf6 2. Nf3 e6 3. e3 b6 4. Bd3 Bb7 5. Nbd2 c5 6. O-O Be7 7. Re1 d5 8. c3
O-O 9. e4 dxe4 10. Nxe4 Nbd7 11. Nxf6+ Nxf6 12. dxc5 Bxc5 13. Bxh7+ Nxh7 14.
Qxd8 Rfxd8 15. Be3 Rac8 16. Bxc5 Rxc5 17. Rac1 Nf6 18. c4 Bxf3 19. gxf3 Rd2 20.
b4 Rg5+ 21. Kf1 Rxa2 22. c5 bxc5 23. bxc5 Nd5 24. c6 Nc7 25. Rc4 Rd5 26. Rb1
Rdd2 27. Rh4 Rxf2+ 28. Kg1 Rfb2 29. Rd1 g5 30. Rhd4 Rg2+ 31. Kh1 Rxh2+ 32. Kg1
Rag2+ 33. Kf1 Rc2 34. Kg1 Rh8 35. Rd8+ Kg7 36. Rxh8 Kxh8 37. Rd7 Rxc6 38. Rxf7
a5 39. Rd7 a4 40. Rd4 Nb5 41. Rd1 a3 0-1

[Event "Detroit (MOR/5/8)"]
[Site "?"]
[Date "1990.??.??"]
[Round "?"]
[White "Saulmon, Scott"]
[Black "Zubatch, Steve"]
[Result "0-1"]
[WhiteElo "1640"]
[BlackElo "1795"]
[PlyCount "91"]
[EventDate "1990.??.??"]

{5/(8)} 1. e4 g6 2. d4 Bg7 3. Nc3 d6 4. f4 Nf6 5. Nf3 O-O 6. Be2 Bg4 7. O-O
Bxf3 8. Bxf3 e5 9. dxe5 dxe5 10. fxe5 Nfd7 11. Bf4 Nxe5 12. Qxd8 Rxd8 13. Nd5
Na6 14. Be2 Rd7 15. Bxa6 bxa6 16. Rab1 Rb8 17. b3 c6 18. Ne3 Re8 19. Rbe1 Rd4
20. Nd1 Nd7 21. Nf2 Nc5 22. Be3 Nxe4 23. Bxd4 Bxd4 24. Rd1 Bxf2+ 25. Rxf2 Nxf2
26. Kxf2 Re7 27. Rd8+ Kg7 28. Rc8 Re6 29. Rc7 Rf6+ 30. Ke3 Re6+ 31. Kd3 Rf6 32.
Ke3 Re6+ 33. Kd2 Rd6+ 34. Ke2 Re6+ 35. Kf1 Rd6 36. Rxa7 Rd2 37. Rxa6 Rxc2 38.
b4 h5 39. a4 Rb2 40. Rb6 Kf8 41. a5 Ke8 42. a6 Kd7 43. Rb7+ Ke6 44. a7 Ra2 45.
Rc7 Ra6 46. Rxc6+ 0-1

[Event "Lansing (Mini-Swiss.2/1)"]
[Site "?"]
[Date "1990.??.??"]
[Round "?"]
[White "Saulmon, Scott"]
[Black "Sundeen, David"]
[Result "0-1"]
[WhiteElo "1660"]
[BlackElo "1695"]
[PlyCount "138"]
[EventDate "1990.??.??"]

{2/(1)} 1. e4 e5 2. Nf3 Nf6 3. d4 exd4 4. e5 Ne4 5. Qxd4 d5 6. exd6 Nxd6 7. Nc3
Nc6 8. Qd1 Bf5 9. Bd3 Be7 10. a3 Qd7 11. O-O O-O-O 12. Be3 Bxd3 13. Qxd3 Nf5
14. Rad1 Qxd3 15. Rxd3 Rxd3 16. cxd3 Bf6 17. Bf4 Rd8 18. Rd1 Nfd4 19. Ng5 Bxg5
20. Bxg5 f6 21. Be3 Ne5 22. Kf1 Nf5 23. d4 Nc4 24. Bc1 Rxd4 25. Re1 Rd8 26. h3
Ne5 27. Be3 Nxe3+ 28. Rxe3 Rd2 29. b4 Kd7 30. g3 Nc4 31. Ke1 Nxe3 32. Kxd2 Nc4+
33. Kc2 c6 34. a4 b6 35. Kd3 Ne5+ 36. Ke4 Ke6 37. f4 Nc4 38. Kd4 Nd6 39. g4 h5
40. f5+ Kf7 41. Ne2 hxg4 42. hxg4 g6 43. Ng3 gxf5 44. gxf5 Ke7 45. Ke3 Nc4+ 46.
Kd4 Ne5 47. Ne4 Nd7 48. Kc4 Ne5+ 49. Kd4 Ng4 50. Kd3 Nh6 51. Ng3 Kd6 52. Ke4 c5
53. b5 Ng4 54. Nf1 Nf2+ 55. Kf3 Nd1 56. Kf4 Nc3 57. Ne3 Nd5+ 58. Ke4 Nxe3 59.
Kxe3 Ke5 60. Kd3 Kxf5 61. Kc4 Ke4 62. a5 f5 63. axb6 axb6 64. Kb3 Kd3 65. Ka4
f4 66. Kb3 f3 67. Ka4 f2 68. Kb3 f1=Q 69. Ka4 Kc3 0-1

[Event "Lansing (Mini-Swiss.4/3)"]
[Site "?"]
[Date "1990.??.??"]
[Round "?"]
[White "Saulmon, Scott"]
[Black "Sundeen, David"]
[Result "1-0"]
[WhiteElo "1620"]
[BlackElo "1700"]
[PlyCount "121"]
[EventDate "1990.??.??"]

{4/(3)} 1. e4 e5 2. Nf3 Nf6 3. d4 exd4 4. e5 Ne4 5. Qxd4 d5 6. exd6 Nxd6 7. Bd3
Nc6 8. Qa4 Be7 9. O-O O-O 10. Nc3 a6 11. Be3 Be6 12. Rad1 Qc8 13. Bg5 Bxg5 14.
Nxg5 Bf5 15. Qf4 Bxd3 16. Rxd3 f6 17. Nf3 Re8 18. Nd5 Ne5 19. Nxe5 Rxe5 20.
Qxe5 fxe5 21. Ne7+ Kf7 22. Nxc8 Rxc8 23. f3 Ke6 24. Re1 Rf8 25. b3 Kf5 26. c4
Rf7 27. Rd5 Re7 28. g3 g5 29. Red1 Ke6 30. Kg2 Nf7 31. Re1 c6 32. Rd3 Kf5 33.
Red1 Ke6 34. f4 gxf4 35. gxf4 exf4 36. Re1+ Ne5 37. Rd4 Rg7+ 38. Kf2 Kf5 39.
Rd8 Rf7 40. Rg1 Ng4+ 41. Kg2 Ke4 42. Re1+ Ne3+ 43. Kf2 Rg7 44. Re8+ Kd3 45. Rg1
Ng4+ 46. Ke1 f3 47. Rg3 h5 48. Rxf3+ Kd4 49. h3 Ne5 50. Rf4+ Ke3 51. Rf5 Rg1+
52. Rf1 Rxf1+ 53. Kxf1 Kf4 54. Kg2 b5 55. cxb5 axb5 56. Rf8+ Kg5 57. Kg3 Nd7
58. h4+ Kg6 59. Rd8 Ne5 60. Kf4 Nf7 61. Rc8 1-0

[Event "Detroit (MOR/1b/15)"]
[Site "?"]
[Date "1990.??.??"]
[Round "?"]
[White "Saulmon, Scott"]
[Black "Stanulis, T."]
[Result "0-1"]
[WhiteElo "1645"]
[BlackElo "1605"]
[PlyCount "96"]
[EventDate "1990.??.??"]

1. e4 c5 2. Nc3 Nc6 3. f4 e6 4. Nf3 g6 5. Bc4 Bg7 6. O-O a6 7. a3 Nge7 8. Bb3
b5 9. d3 O-O 10. Be3 d6 11. Qe1 Bb7 12. Rb1 Rc8 13. Qh4 Nd4 14. Bxd4 Bxd4+ 15.
Nxd4 cxd4 16. Ne2 d5 17. Ng3 dxe4 18. dxe4 Rc7 19. Qg4 Kh8 20. f5 exf5 21. exf5
gxf5 22. Nxf5 Rg8 23. Nh6 Rxg4 24. Nxf7+ Kg7 25. Nxd8 Rxg2+ 26. Kh1 Ba8 27.
Ne6+ Kh6 28. h3 Rgxc2+ 29. Kg1 Rg2+ 30. Kh1 Rxb2+ 31. Kg1 Rg2+ 32. Kh1 Rc3 33.
Nf4 Rf2+ 34. Kg1 Rxf1+ 35. Rxf1 Rxb3 36. Kh2 Rf3 37. Re1 Rxf4 38. Rxe7 d3 39.
Rd7 Rf2+ 40. Kg1 Rg2+ 41. Kf1 d2 42. Rd3 Be4 43. Rd6+ Kg5 44. a4 bxa4 45. h4+
Kf4 46. h5 Bf3 47. h6 d1=Q+ 48. Rxd1 Bxd1 0-1

[Event "Lansing (Mini-Swiss.3/1)"]
[Site "?"]
[Date "1990.??.??"]
[Round "?"]
[White "Saulmon, Scott"]
[Black "Sobocinski, Mike"]
[Result "0-1"]
[WhiteElo "1640"]
[BlackElo "1730"]
[PlyCount "70"]
[EventDate "1990.??.??"]

{3/(1)} 1. e4 c6 2. d4 d5 3. exd5 cxd5 4. Bd3 Nc6 5. c3 Qc7 6. Nf3 Bg4 7. O-O
O-O-O 8. Be3 e5 9. dxe5 Nxe5 10. Be2 Bd6 11. h3 Nxf3+ 12. Bxf3 Bxf3 13. Qxf3
Rd7 14. Bd4 f6 15. Nd2 Ne7 16. Rfc1 Nc6 17. Nb3 b6 18. Qg4 Kb8 19. Re1 Ne5 20.
Bxe5 fxe5 21. Rad1 e4 22. Nd4 h5 23. Qe6 a6 24. Nf5 Qc6 25. Kh1 g6 26. Nd4 Qb7
27. Qxg6 h4 28. Qf6 Rf8 29. Qxh4 Rh7 30. Qg5 Qd7 31. Qe3 Bf4 32. Qe2 Rxh3+ 33.
Kg1 Rh1+ 34. Kxh1 Qh7+ 35. Kg1 Qh2+ 0-1

[Event "Lansing (Apr)"]
[Site "?"]
[Date "1990.??.??"]
[Round "?"]
[White "Saulmon, Scott"]
[Black "Sells, P."]
[Result "1/2-1/2"]
[WhiteElo "1610"]
[BlackElo "1605"]
[PlyCount "60"]
[EventDate "1990.??.??"]

1. e4 e5 2. Nf3 Nc6 3. Bb5 a6 4. Ba4 Nf6 5. O-O Nxe4 6. d4 b5 7. Bb3 d5 8. dxe5
Be6 9. Be3 Be7 10. Nbd2 Nc5 11. Rc1 O-O 12. Re1 f6 13. exf6 Rxf6 14. c3 Nxb3
15. Nxb3 Rg6 16. Kh1 Qd7 17. Nbd4 Bf6 18. Nxe6 Qxe6 19. Bf4 Qd7 20. Bg3 Ne7 21.
Qd3 c6 22. Ne5 Bxe5 23. Rxe5 Re6 24. Rce1 Rxe5 25. Rxe5 Ng6 26. Re3 Re8 27. h3
Rxe3 28. Qxe3 a5 29. a3 a4 30. Kg1 Qe7 1/2-1/2

[Event "Lansing (Mini-Swiss.4/2)"]
[Site "?"]
[Date "1990.??.??"]
[Round "?"]
[White "Saulmon, Scott"]
[Black "Rostrom, Richard"]
[Result "1/2-1/2"]
[WhiteElo "1620"]
[BlackElo "1685"]
[PlyCount "119"]
[EventDate "1990.??.??"]

{4/(2)} 1. e4 c6 2. d4 d5 3. Nc3 dxe4 4. Nxe4 Bf5 5. Ng3 Bg6 6. h4 h6 7. Nh3 e6
8. c3 Nf6 9. Bd3 Bxd3 10. Qxd3 Be7 11. Qc2 Nbd7 12. h5 Qc7 13. Bf4 Bd6 14. Bxd6
Qxd6 15. O-O-O O-O-O 16. Ne2 Nb6 17. Nhf4 Nfd5 18. Nd3 Nf6 19. Qb3 Qd5 20. Qxd5
exd5 21. Ne5 Rhe8 22. Ng3 Re7 23. Nf5 Rc7 24. g3 Ne4 25. Rh2 Rg8 26. f3 Ng5 27.
Nd6+ Kb8 28. f4 Ne4 29. Nxe4 dxe4 30. Re1 f6 31. Ng6 Re8 32. f5 Nd5 33. a3 Nb6
34. Rhe2 c5 35. Rxe4 Rxe4 36. Rxe4 cxd4 37. Re8+ Nc8 38. Kc2 b6 39. Kb3 dxc3
40. bxc3 Kb7 41. Re6 Rc6 42. Nf4 Nd6 43. Re7+ Rc7 44. Rxc7+ Kxc7 45. Ne6+ Kd7
46. g4 Ne4 47. Kb4 a6 48. c4 Nf2 49. c5 Nd3+ 50. Kc4 Ne5+ 51. Kd5 bxc5 52. Kxc5
Nxg4 53. Kb6 Ne3 54. Nxg7 Nc4+ 55. Kxa6 Nxa3 56. Kb6 Nc4+ 57. Kc5 Ne3 58. Kd4
Ng4 59. Ke4 Ke7 60. Ne6 1/2-1/2

[Event "Lansing (Apr)"]
[Site "?"]
[Date "1990.??.??"]
[Round "?"]
[White "Saulmon, Scott"]
[Black "Jensen, D."]
[Result "1-0"]
[WhiteElo "1610"]
[BlackElo "1605"]
[PlyCount "55"]
[EventDate "1990.??.??"]

1. e4 c5 2. Nc3 d6 3. f4 Nf6 4. Nf3 Nc6 5. Bc4 e6 6. O-O a6 7. a3 b5 8. Ba2 Bb7
9. d3 Rc8 10. Qe1 Be7 11. Bd2 h5 12. Ng5 Nd4 13. Rc1 Ng4 14. h3 Bxg5 15. fxg5
Ne5 16. Ne2 Ng6 17. Nxd4 cxd4 18. Qf2 Qe7 19. Qxd4 O-O 20. Bb3 Rc5 21. Bb4 Qxg5
22. Bxc5 Nf4 23. Rxf4 dxc5 24. Qe3 e5 25. Rf3 Qxe3+ 26. Rxe3 g6 27. Rf1 Bc6 28.
Rf6 1-0

[Event "Detroit (RVO/3)"]
[Site "?"]
[Date "1990.??.??"]
[Round "?"]
[White "Saulmon, Scott"]
[Black "Haakonstad, Olaf"]
[Result "1-0"]
[WhiteElo "1610"]
[BlackElo "1970"]
[PlyCount "77"]
[EventDate "1990.??.??"]

1. e4 e5 2. Nf3 Nc6 3. Bb5 a6 4. Ba4 Nf6 5. O-O Be7 6. Re1 b5 7. Bb3 O-O 8. c3
d5 9. exd5 e4 10. Ng5 Ne5 11. d4 Nd3 12. Re3 Nxc1 13. Qxc1 Ng4 14. Nxe4 Nxe3
15. Qxe3 Re8 16. Qf3 Bd6 17. Nbd2 Qh4 18. Nxd6 cxd6 19. h3 Bd7 20. Bc2 Re7 21.
Ne4 Qh6 22. Qg3 Rae8 23. f3 Qe3+ 24. Kh2 Qh6 25. Nxd6 Qd2 26. Nxe8 Bxe8 27.
Bxh7+ Kxh7 28. Qh4+ Kg6 29. Qxe7 Qf4+ 30. Kh1 Qb8 31. Re1 b4 32. Qxe8 Qf4 33.
Qe4+ Qxe4 34. Rxe4 bxc3 35. bxc3 Kf5 36. d6 g5 37. d7 g4 38. hxg4+ Kf6 39.
d8=Q+ 1-0

[Event "Lansing (Jan)"]
[Site "?"]
[Date "1990.??.??"]
[Round "?"]
[White "Saulmon, Scott"]
[Black "Eck, J."]
[Result "1-0"]
[WhiteElo "1610"]
[BlackElo "1605"]
[PlyCount "105"]
[EventDate "1990.??.??"]

1. e4 e5 2. Nf3 Nc6 3. Bb5 Nf6 4. O-O d6 5. Bxc6+ bxc6 6. Re1 Bg4 7. h3 Bh5 8.
c3 Be7 9. d4 exd4 10. cxd4 O-O 11. Nc3 h6 12. a3 Nh7 13. Qd3 f5 14. exf5 Qd7
15. g4 Bf7 16. Bf4 Rae8 17. h4 Nf6 18. g5 hxg5 19. hxg5 Nh5 20. Bd2 Bd5 21.
Nxd5 cxd5 22. Nh4 Bd8 23. Qf3 Qf7 24. Ng6 Rxe1+ 25. Rxe1 Qxf5 26. Qxf5 Rxf5 27.
Re8+ Kf7 28. Rxd8 Kxg6 29. Ra8 Nf4 30. Rxa7 Ne2+ 31. Kf1 Nxd4 32. Rxc7 Nf3 33.
Bc1 Nxg5 34. Bxg5 Kxg5 35. Rxg7+ Kf6 36. Rc7 d4 37. Rc4 Rd5 38. Ke2 Ke5 39. Kd3
Rb5 40. b4 d5 41. Rxd4 Rb7 42. Ke3 Ra7 43. Rd3 Rf7 44. a4 Kd6 45. Rd2 Re7+ 46.
Kd3 Re4 47. Rb2 Ke5 48. a5 Rd4+ 49. Ke3 Re4+ 50. Kf3 d4 51. Re2 Rxe2 52. Kxe2
Ke4 53. Kd2 1-0

[Event "Flint (Class C/1)"]
[Site "?"]
[Date "1990.??.??"]
[Round "?"]
[White "Saulmon, Scott"]
[Black "Dakins, J."]
[Result "1-0"]
[WhiteElo "1605"]
[BlackElo "1605"]
[PlyCount "143"]
[EventDate "1990.??.??"]

1. e4 e5 2. Nf3 Nc6 3. Bb5 d6 4. O-O Nf6 5. Re1 Be7 6. h3 O-O 7. c3 Bd7 8. d4
Qc8 9. d5 Nd8 10. Bxd7 Nxd7 11. Be3 Nf6 12. Nbd2 c6 13. c4 c5 14. Qc2 Re8 15.
Rad1 Bf8 16. Bg5 Be7 17. Nf1 h6 18. Be3 b6 19. Ng3 Bf8 20. Nf5 Nh7 21. Qe2 Qd7
22. Nh2 f6 23. Qg4 Kh8 24. b3 Qf7 25. Nf3 h5 26. Qg3 g5 27. h4 g4 28. Nh2 Qg8
29. f3 gxf3 30. Qxf3 Qg6 31. Ng3 Bh6 32. Bxh6 Qxh6 33. Nxh5 Rg8 34. Rf1 Rg6 35.
Rf2 Nb7 36. Nf1 Rag8 37. Ne3 Nd8 38. Rdf1 Nf7 39. Nf5 Qf8 40. Qe2 Nh6 41. Nxh6
Qxh6 42. g3 Rg4 43. Rf5 Rxh4 44. Qf3 Rg6 45. Nxf6 Ng5 46. Rxg5 Qxg5 47. Rf2 Rf4
48. Qh5+ Qxh5 49. Nxh5 Rxf2 50. Kxf2 Rg8 51. Kf3 Rf8+ 52. Kg2 Kh7 53. g4 Kg6
54. Ng3 Kg5 55. Nf5 Rd8 56. Kg3 a6 57. a4 a5 58. Kf3 Kf6 59. Kg3 Kf7 60. g5 Kg6
61. Kg4 Rd7 62. Nh4+ Kg7 63. Kh5 Kf7 64. g6+ Kg8 65. Nf5 Rd8 66. g7 Kh7 67. Kg5
Rg8 68. Kf6 Rd8 69. Ne7 b5 70. cxb5 c4 71. bxc4 Rf8+ 72. gxf8=R 1-0

[Event "Lansing (Feb)"]
[Site "?"]
[Date "1990.??.??"]
[Round "?"]
[White "Saulmon, Scott"]
[Black "Dakins, J."]
[Result "1-0"]
[WhiteElo "1605"]
[BlackElo "1605"]
[PlyCount "103"]
[EventDate "1990.??.??"]

1. e4 e5 2. Nf3 Nc6 3. Bb5 f5 4. Bxc6 bxc6 5. d3 d6 6. Nc3 Nf6 7. Bg5 Be7 8.
Nh4 O-O 9. Nxf5 Bxf5 10. exf5 Qd7 11. Qf3 d5 12. O-O Rf7 13. Rad1 Raf8 14. Ne2
Bd6 15. Ng3 Qc8 16. Rde1 Qa6 17. a3 Qb7 18. Bc1 h6 19. b4 Qc8 20. Bb2 Nd7 21.
Qg4 Nf6 22. Qg6 Qe8 23. Bxe5 Qd7 24. Bxd6 Qxd6 25. Re6 Qd7 26. f3 Nh7 27. Rfe1
Rf6 28. Rxf6 Nxf6 29. Re6 a6 30. c3 Kh8 31. d4 Ng8 32. Nh5 Rf7 33. f6 Nxf6 34.
Nxf6 gxf6 35. Qxh6+ Kg8 36. Rxf6 Rxf6 37. Qxf6 Qe8 38. Qe5 Qg6 39. Qe1 Kf7 40.
a4 Qf5 41. a5 Qd3 42. h4 Qc2 43. g4 Qd3 44. Kg2 Qc2+ 45. Kg3 Qd3 46. h5 Qc2 47.
Qe3 Qb1 48. f4 Qd1 49. h6 Qh1 50. f5 Kf8 51. f6 Kf7 52. Qe7+ 1-0

[Event "Flint (Class C/3)"]
[Site "?"]
[Date "1990.??.??"]
[Round "?"]
[White "Saulmon, Scott"]
[Black "Carr, James"]
[Result "1-0"]
[WhiteElo "1605"]
[BlackElo "1605"]
[PlyCount "89"]
[EventDate "1990.??.??"]

1. e4 c5 2. Nc3 d6 3. f4 g6 4. Nf3 Bg7 5. Bc4 e6 6. O-O Ne7 7. d3 O-O 8. Qe1 d5
9. Bb3 d4 10. Ne2 b5 11. Qh4 Nec6 12. Qe1 a5 13. a3 a4 14. Ba2 e5 15. Bd5 Ra7
16. Ng5 Qe7 17. f5 gxf5 18. exf5 Rd7 19. Be4 f6 20. Ne6 Rf7 21. Qg3 Ra7 22. Bd5
Kh8 23. Qf3 Qd6 24. Ng3 Rfe7 25. Nh5 Bxe6 26. fxe6 Nd8 27. Nxg7 Rxg7 28. Ba2
Rg6 29. Qh3 Re7 30. Qh4 Kg7 31. Rxf6 Rxf6 32. Bg5 Rfxe6 33. Bxe6 Rxe6 34. Bxd8
Rh6 35. Qe7+ Qxe7 36. Bxe7 Re6 37. Bd8 e4 38. dxe4 Rxe4 39. Kf2 c4 40. Rd1 h6
41. Kf3 Re3+ 42. Kf2 Nc6 43. Bb6 Re4 44. Kf3 Re3+ 45. Kf4 1-0

[Event "Detroit (MOR/3/34)"]
[Site "?"]
[Date "1990.??.??"]
[Round "?"]
[White "Saulmon, Scott"]
[Black "Borhani-Azar, C."]
[Result "1-0"]
[WhiteElo "1640"]
[BlackElo "1605"]
[PlyCount "159"]
[EventDate "1990.??.??"]

{3/(34)} 1. e4 e5 2. Nf3 Nc6 3. Bb5 d6 4. d4 Bd7 5. Nc3 Nf6 6. O-O a6 7. Bxc6
Bxc6 8. d5 Bb5 9. Nxb5 axb5 10. Re1 c6 11. Qd3 Qa5 12. Bd2 b4 13. dxc6 bxc6 14.
Qc4 c5 15. a3 Rb8 16. axb4 Qb5 17. Qxb5+ Rxb5 18. Ra8+ Ke7 19. c4 Rb7 20. b5 h6
21. Ba5 Ke6 22. b6 Rg8 23. Ra7 Rxa7 24. bxa7 Be7 25. b4 Ra8 26. b5 Rxa7 27. Bc3
Bd8 28. Nd2 Nd7 29. Ra1 Rxa1+ 30. Bxa1 Nb6 31. Bc3 Na4 32. Nb1 Nxc3 33. Nxc3
Kd7 34. Nd5 Kc8 35. Kf1 g6 36. Ke2 f5 37. exf5 gxf5 38. Kf3 Kd7 39. g4 f4 40.
Ke4 Ke6 41. Kd3 Kd7 42. Ke4 Ke6 43. b6 Kd7 44. Kf5 Kc8 45. Ke6 f3 46. Kxd6 Bh4
47. Kxe5 Bxf2 48. Ke4 Bg1 49. Kxf3 Bxh2 50. Ke4 Bd6 51. Kf5 Kb7 52. Ke6 Bg3 53.
Kd7 Kb8 54. Kc6 Bf2 55. Ne7 Bh4 56. Nf5 Bg5 57. Kxc5 Kb7 58. Nd6+ Kb8 59. Kc6
Bh4 60. c5 Bg5 61. Kb5 Bf4 62. Kc6 Bg3 63. b7 Be5 64. Kd7 Bxd6 65. cxd6 Kxb7
66. Ke7 h5 67. gxh5 Kb6 68. d7 Kc6 69. d8=Q Kc5 70. Ke6 Kc4 71. Ke5 Kc3 72. Ke4
Kc2 73. Ke3 Kc3 74. Qc7+ Kb4 75. Kd3 Kb5 76. Kd4 Kb4 77. Qb7+ Ka3 78. Kc4 Ka2
79. Kc3 Ka1 80. Qb2# 1-0

[Event "Detroit (RVO/1)"]
[Site "?"]
[Date "1990.??.??"]
[Round "?"]
[White "Saulmon, Scott"]
[Black "Bailey, Greg"]
[Result "0-1"]
[WhiteElo "1610"]
[BlackElo "2105"]
[PlyCount "68"]
[EventDate "1990.??.??"]

1. e4 e6 2. d4 d5 3. Nc3 Bb4 4. e5 c5 5. a3 Bxc3+ 6. bxc3 Qc7 7. Nf3 Bd7 8. Be2
Ba4 9. Bd3 cxd4 10. cxd4 Qc3+ 11. Bd2 Qxd3 12. cxd3 Bxd1 13. Rxd1 Ne7 14. O-O
Nbc6 15. Rb1 Rb8 16. Rfc1 Kd7 17. Re1 h6 18. g3 Nf5 19. Bc3 Rhc8 20. Rec1 Rc7
21. g4 Nfe7 22. Bb4 Nxb4 23. Rxc7+ Kxc7 24. axb4 Kb6 25. Rc1 Nc6 26. Rb1 Kb5
27. Kf1 Nxb4 28. Ke2 Rc8 29. Ne1 a5 30. Kd2 a4 31. f4 a3 32. Ra1 Ka4 33. Kd1
Kb3 34. Kd2 Kb2 0-1

[Event "Lansing (Jan)"]
[Site "?"]
[Date "1990.??.??"]
[Round "?"]
[White "Saulmon, Scott"]
[Black "Asbury, Victor"]
[Result "0-1"]
[WhiteElo "1610"]
[BlackElo "1605"]
[PlyCount "54"]
[EventDate "1990.??.??"]

1. e4 c5 2. Nc3 Nc6 3. f4 g6 4. Nf3 Bg7 5. Bb5 Qb6 6. a4 a6 7. Nd5 Qd8 8. Bxc6
bxc6 9. Ne3 e6 10. O-O Ne7 11. e5 O-O 12. c3 f6 13. Nc4 fxe5 14. fxe5 Nf5 15.
g4 Nh4 16. d4 cxd4 17. cxd4 Bb7 18. Nd6 Nxf3+ 19. Rxf3 Qb6 20. a5 Qc7 21. b4 c5
22. Rc3 Qc6 23. Nxb7 Qxb7 24. bxc5 Qd5 25. Ba3 Rf4 26. Rd3 Raf8 27. Qb3 Rxg4+
0-1

[Event "Lansing (Feb)"]
[Site "?"]
[Date "1990.??.??"]
[Round "?"]
[White "Saulmon, Scott"]
[Black "Asbury, Victor"]
[Result "1-0"]
[WhiteElo "1605"]
[BlackElo "1605"]
[PlyCount "121"]
[EventDate "1990.??.??"]

1. e4 c5 2. f4 g6 3. Bc4 e6 4. Nc3 a6 5. a4 Bg7 6. e5 Ne7 7. Nf3 O-O 8. O-O
Nbc6 9. d4 cxd4 10. Nxd4 Kh8 11. Qd2 f6 12. Nf3 fxe5 13. fxe5 Nxe5 14. Nxe5
Rxf1+ 15. Kxf1 Bxe5 16. g3 Qf8+ 17. Qf2 Qxf2+ 18. Kxf2 Bxc3 19. bxc3 d5 20. Bb3
Bd7 21. Kg2 Rf8 22. Bf4 Nc6 23. Re1 Kg7 24. Rf1 Rf7 25. Re1 h6 26. h4 Rf5 27.
Bd6 g5 28. g4 Rf6 29. h5 Kf7 30. Kg3 Ke8 31. Bxd5 Bc8 32. Bb3 b5 33. axb5 axb5
34. c4 bxc4 35. Bxc4 Nd4 36. Bd3 Rf3+ 37. Kg2 Bb7 38. Be4 Bxe4 39. Rxe4 Rc3 40.
Rxd4 Rxc2+ 41. Kf3 Kf7 42. Re4 Rd2 43. Be5 Rd5 44. Re1 Rd3+ 45. Ke4 Ra3 46.
Rf1+ Kg8 47. Rf6 Ra4+ 48. Bd4 Ra6 49. Rxh6 Kf7 50. Rg6 Ra5 51. Be3 Ra4+ 52. Kf3
e5 53. Rxg5 Kf6 54. Rg6+ Kf7 55. Rg5 Kf6 56. h6 Ra3 57. h7 Rxe3+ 58. Kxe3 Kxg5
59. h8=Q Kxg4 60. Qf8 Kg5 61. Ke4 1-0

[Event "Lansing (Mini-Swiss.3/3)"]
[Site "?"]
[Date "1990.??.??"]
[Round "?"]
[White "Saulmon, Scott"]
[Black "Asbury, Victor"]
[Result "0-1"]
[WhiteElo "1640"]
[BlackElo "1605"]
[PlyCount "106"]
[EventDate "1990.??.??"]

{3/(3)} 1. e4 c5 2. f4 Nc6 3. Nf3 g6 4. Nc3 Bg7 5. Bc4 e6 6. O-O Nge7 7. d3 O-O
8. Qe1 d6 9. a3 Kh8 10. Ng5 Nd4 11. Bb3 Nxb3 12. cxb3 Qb6 13. Nxh7 Kxh7 14.
Qh4+ Kg8 15. Qxe7 f6 16. e5 d5 17. Na4 Qxb3 18. Nxc5 Qb6 19. b4 Rf7 20. Qe8+
Bf8 21. Qa4 Bxc5+ 22. bxc5 Qxc5+ 23. d4 Bd7 24. Qd1 Qc4 25. Bb2 Bb5 26. Qg4 Qc8
27. Rfc1 Bc4 28. Qxg6+ Rg7 29. Qxf6 Qd7 30. Bc3 Rf8 31. Qh4 Rf5 32. Bb4 Qf7 33.
Rc3 Rxf4 34. Qd8+ Kh7 35. Rh3+ Kg6 36. Rg3+ Kf5 37. Rxg7 Qxg7 38. Qf8+ Qxf8 39.
Bxf8 Ke4 40. Rd1 Rxf8 41. h4 Bd3 42. Kh2 Kxd4 43. h5 Ke3 44. Kg3 Rg8+ 45. Kh3
Bf5+ 46. Kh2 Bg4 47. Re1+ Kf2 48. Rb1 Bxh5 49. Rb2+ Be2 50. Rb3 Rxg2+ 51. Kh3
Rg5 52. Kh2 d4 53. a4 d3 0-1

[Event "Detroit (MI Op/2/2)"]
[Site "?"]
[Date "1990.??.??"]
[Round "?"]
[White "Santiago, Reynaldo"]
[Black "Stone, Ray"]
[Result "1/2-1/2"]
[WhiteElo "2000"]
[BlackElo "2435"]
[PlyCount "93"]
[EventDate "1990.??.??"]

{2/(2)} 1. e4 c5 2. Nf3 e6 3. d4 cxd4 4. Nxd4 Nf6 5. Bd3 Nc6 6. Nxc6 bxc6 7.
O-O d5 8. e5 Nd7 9. Bf4 g6 10. Re1 Bg7 11. Nd2 O-O 12. Nf3 Qb6 13. b3 Ba6 14.
Qd2 Bxd3 15. cxd3 c5 16. Rac1 Rfc8 17. Bh6 a5 18. Bxg7 Kxg7 19. Qf4 Qd8 20. Rc2
a4 21. bxa4 Rcb8 22. h3 Rb4 23. Qd2 Rbxa4 24. Re2 Qa5 25. Qg5 h6 26. Qe7 Qd8
27. Qxd8 Rxd8 28. Rb2 Ra7 29. Rec2 g5 30. g4 Ra3 31. Rb3 Rxb3 32. axb3 Rb8 33.
Rb2 Rb4 34. Kf1 Nb6 35. Nd2 c4 36. dxc4 Nxc4 37. Nxc4 dxc4 38. Ke2 h5 39. Kd2
hxg4 40. Kc3 Rxb3+ 41. Rxb3 cxb3 42. hxg4 f6 43. Kxb3 fxe5 44. Kc4 Kf6 45. Kc5
Ke7 46. Kc6 Kf6 47. Kc7 1/2-1/2

[Event "Detroit (MI Op/3/12)"]
[Site "?"]
[Date "1990.??.??"]
[Round "?"]
[White "Santiago, Reynaldo"]
[Black "Rogers, Bradley"]
[Result "0-1"]
[WhiteElo "2000"]
[BlackElo "2160"]
[PlyCount "104"]
[EventDate "1990.??.??"]

{3/(12)} 1. e4 e6 2. d4 d5 3. Nc3 Bb4 4. e5 c5 5. a3 Bxc3+ 6. bxc3 Ne7 7. Qg4
Qc7 8. Qxg7 Rg8 9. Qxh7 cxd4 10. Ne2 Nbc6 11. f4 Bd7 12. Qd3 dxc3 13. Rb1 Nf5
14. Nxc3 a6 15. g3 Nce7 16. Be2 Bc6 17. Bf3 O-O-O 18. Kf2 Qa5 19. Bd2 Qc5+ 20.
Ke2 Nd4+ 21. Kd1 Nxf3 22. Qxf3 Nf5 23. Re1 Qxa3 24. Rb3 Qa5 25. Qf2 d4 26. Nb1
Qa2 27. Kc1 Ba4 28. Rb2 Qc4 29. Qf3 Rd7 30. Na3 Qc7 31. Qd3 b5 32. Qf3 Rd5 33.
Qd3 Rgd8 34. g4 Ne7 35. Bb4 Nc6 36. Bd6 Qa5 37. Re2 Qc3 38. Nb1 Qa5 39. f5 b4
40. Nd2 Bb5 41. Nc4 Qa1+ 42. Kd2 Kb7 43. Qb3 Bxc4 44. Rb1 Qc3+ 45. Qxc3 dxc3+
46. Ke1 Bxe2 47. Kxe2 Nxe5 48. Bxb4 Rd2+ 49. Ke1 Kc6 50. Bxc3 Rxh2 51. Bxe5
Rh1+ 52. Ke2 Rxb1 0-1